BIBLIOTECA PODER JUDICIAL
Portal Judicial TDF

La adopción de personas mayores de edad. La posesión de estado de hija/o durante la menor edad / (Registro nro. 6059)

000 -LEADER
fixed length control field 01130nab a22002417a 4500
003 - CONTROL NUMBER IDENTIFIER
control field OSt
005 - DATE AND TIME OF LATEST TRANSACTION
control field 20260120235800.0
008 - FIXED-LENGTH DATA ELEMENTS--GENERAL INFORMATION
fixed length control field 190514b xxu||||| |||| 00| 0 spa d
040 ## - CATALOGING SOURCE
Transcribing agency PJ
100 ## - MAIN ENTRY--PERSONAL NAME
9 (RLIN) 5871
Personal name Galletti, Judith
245 13 - TITLE STATEMENT
Title La adopción de personas mayores de edad. La posesión de estado de hija/o durante la menor edad /
Statement of responsibility, etc Judith Galletti.
300 ## - PHYSICAL DESCRIPTION
Extent p. 213-221
500 ## - GENERAL NOTE
General note Cita: TR LALEY AR/DOC/247/2024.
505 ## - FORMATTED CONTENTS NOTE
Formatted contents note Sumario: I. Presentación del caso. Análisis de la plataforma fáctica.— II. Encuadre normativo del caso.— III. La adopción de personas mayores de edad.— IV. Colofón.
505 ## - FORMATTED CONTENTS NOTE
Title Fallo comentado: JFamilia, Niñez y Adolescencia Nro. 6, Corrientes ~ 19/09/2023 ~ M., A. M. s/ situación.
650 #0 - SUBJECT ADDED ENTRY--TOPICAL TERM
9 (RLIN) 967
Topical term or geographic name as entry element DERECHO DE FAMILIA
650 #0 - SUBJECT ADDED ENTRY--TOPICAL TERM
9 (RLIN) 888
Topical term or geographic name as entry element SUCESIONES
650 #0 - SUBJECT ADDED ENTRY--TOPICAL TERM
9 (RLIN) 1100
Topical term or geographic name as entry element CESION DE HERENCIA
650 #0 - SUBJECT ADDED ENTRY--TOPICAL TERM
9 (RLIN) 3433
Topical term or geographic name as entry element CESIÓN DE DERECHOS
650 #0 - SUBJECT ADDED ENTRY--TOPICAL TERM
9 (RLIN) 1057
Topical term or geographic name as entry element JURISPRUDENCIA APLICABLE
773 0# - HOST ITEM ENTRY
Host Biblionumber 2844
Host Itemnumber 3222
Place, publisher, and date of publication Buenos Aires : AbeledoPerrot, 1989-
Title Derecho de familia. Revista Interdisciplinaria de doctrina y jurisprudencia. Abril 2024-II.
International Standard Book Number 18511201
942 ## - ADDED ENTRY ELEMENTS (KOHA)
Source of classification or shelving scheme
Koha item type Analítica Artículo de Revista

No hay ítems disponibles.

12 de Octubre 789 Ushuaia - Tel:  54(02901)441571
Horario de Atención: 8.00 a 17.00 hs. 
bibliotecaush@justierradelfuego.gov.ar
koha@justierradelfuego.gov.ar
Seguinos en nuestras redes @bibliojustdf 

Con tecnología Koha